[Event "Bad Bevensen Seniors op 12th"]
[Site "Bad Bevensen"]
[Date "2009.07.13"]
[Round "7"]
[White "Welz, Peter"]
[Black "Burreh, Heinz"]
[Result "1-0"]
[WhiteElo "2025"]
[BlackElo "1815"]
[PlyCount "35"]
[EventDate "2009.07.07"]
[EventType "swiss"]
[EventRounds "9"]
[EventCountry "GER"]
[SourceTitle "EXT 2022"]
[Source "ChessBase"]
[SourceDate "2021.10.06"]
[SourceVersion "1"]
[SourceVersionDate "2021.10.06"]
[SourceQuality "1"]

1. e4 e5 2. Nf3 Nc6 3. d4 exd4 4. Nxd4 Bc5 5. Nb3 Bb6 6. a4 a6 7. Nc3 Nge7 8. Bg5 0-0 9. Nd5 Ba7 10. Nf6+ gxf6 11. Bxf6 Qe8 12. Qh5 Ng6 13. Qh6 Qxe4+ 14. Be2 Bxf2+ 15. Kf1 Qxe2+ 16. Kxe2 Nf4+ 17. Kf1 Ne6 18. Kxf2 1-0

[Event "Bad Bevensen Seniors op 12th"]
[Site "Bad Bevensen"]
[Date "2009.07.11"]
[Round "5"]
[White "Braeu, Ludwig"]
[Black "Burreh, Heinz"]
[Result "0-1"]
[WhiteElo "1864"]
[BlackElo "1815"]
[PlyCount "79"]
[EventDate "2009.07.07"]
[EventType "swiss"]
[EventRounds "9"]
[EventCountry "GER"]
[SourceTitle "EXT 2022"]
[Source "ChessBase"]
[SourceDate "2021.10.06"]
[SourceVersion "1"]
[SourceVersionDate "2021.10.06"]
[SourceQuality "1"]

1. c4 e5 2. Nc3 Nf6 3. Nf3 d6 4. g3 Be6 5. Bg2 Qc8 6. h3 h6 7. d3 c6 8. Bd2 Be7 9. Rc1 Nbd7 10. e4 Rb8 11. Qe2 0-0 12. d4 exd4 13. Nxd4 Nb6 14. Nxe6 Qxe6 15. b3 Rfe8 16. 0-0 Bd8 17. Qf3 Nfd7 18. Rfe1 Ne5 19. Qe2 Bf6 20. Be3 Ned7 21. Qd2 Rbd8 22. Qc2 Nc8 23. Rcd1 Qe5 24. Bd4 Qe6 25. Ne2 Qe7 26. Qb2 Bxd4 27. Nxd4 Qf6 28. Qc2 g6 29. b4 d5 30. cxd5 cxd5 31. Qc7 dxe4 32. Qxb7 Ndb6 33. Nc6 Rxd1 34. Rxd1 e3 35. fxe3 Rxe3 36. a4 Re2 37. Rf1 Qe6 38. a5 Nd6 39. Nd8 Qe3+ 40. Kh2 0-1

[Event "Niedersachsen-ch Seniors op 11th"]
[Site "Bad Bevensen"]
[Date "2008.07.16"]
[Round "9"]
[White "Romanow, Werner"]
[Black "Burreh, Heinz"]
[Result "1/2-1/2"]
[WhiteElo "1925"]
[BlackElo "1739"]
[PlyCount "60"]
[EventDate "2008.07.08"]
[EventType "swiss"]
[EventRounds "9"]
[EventCountry "GER"]
[SourceTitle "EXT 2022"]
[Source "ChessBase"]
[SourceDate "2021.10.06"]
[SourceVersion "1"]
[SourceVersionDate "2021.10.06"]
[SourceQuality "1"]

1. c4 e5 2. Nc3 Nf6 3. Nf3 Nc6 4. g3 d6 5. Bg2 h6 6. d4 exd4 7. Nxd4 Nxd4 8. Qxd4 Be7 9. 0-0 0-0 10. b3 Ng4 11. Bb2 Bf6 12. Qd2 Re8 13. h3 Ne5 14. Nd5 Nd7 15. Nxf6+ Nxf6 16. Rfe1 Rb8 17. Rad1 Qe7 18. e4 Be6 19. f4 Nh7 20. Qc3 f6 21. Kh2 Nf8 22. Ba3 Qf7 23. c5 dxc5 24. Bxc5 b6 25. Bf2 Rbd8 26. Bf3 c5 27. Be2 Qe7 28. Bb5 Rxd1 29. Rxd1 Rd8 30. Rxd8 Qxd8 1/2-1/2

[Event "Niedersachsen-ch Seniors op 10th"]
[Site "Bad Bevensen"]
[Date "2007.07.10"]
[Round "8"]
[White "Schneidereit, Manfred"]
[Black "Burreh, Heinz"]
[Result "1/2-1/2"]
[WhiteElo "1510"]
[BlackElo "1675"]
[PlyCount "59"]
[EventDate "2007.07.03"]
[EventType "swiss"]
[EventRounds "9"]
[EventCountry "GER"]
[SourceTitle "EXT 2022"]
[Source "ChessBase"]
[SourceDate "2021.10.06"]
[SourceVersion "1"]
[SourceVersionDate "2021.10.06"]
[SourceQuality "1"]

1. e4 e5 2. Nc3 Nf6 3. Bc4 Bc5 4. Nf3 d6 5. h3 h6 6. 0-0 a6 7. d4 exd4 8. Nxd4 0-0 9. Re1 Nbd7 10. Nf3 b5 11. Bd3 Bb7 12. a3 Re8 13. b4 Bb6 14. Bb2 c5 15. Nd2 c4 16. Bf1 Ne5 17. Nf3 Qc7 18. Nd5 Nxd5 19. exd5 Nxf3+ 20. Qxf3 Rxe1 21. Rxe1 c3 22. Bxc3 Rc8 23. Bd3 Qd7 24. Bb2 Re8 25. Rxe8+ Qxe8 26. Be4 Qe7 27. Qc3 f6 28. Qf3 Bc8 29. Qc3 Qxe4 30. Qxc8+ 1/2-1/2

[Event "Niedersachsen-ch Seniors op 10th"]
[Site "Bad Bevensen"]
[Date "2007.07.09"]
[Round "7"]
[White "Burreh, Heinz"]
[Black "Kluger, Hans Peter"]
[Result "1/2-1/2"]
[WhiteElo "1675"]
[BlackElo "1733"]
[PlyCount "135"]
[EventDate "2007.07.03"]
[EventType "swiss"]
[EventRounds "9"]
[EventCountry "GER"]
[SourceTitle "EXT 2022"]
[Source "ChessBase"]
[SourceDate "2021.10.06"]
[SourceVersion "1"]
[SourceVersionDate "2021.10.06"]
[SourceQuality "1"]

1. e4 g6 2. d4 Bg7 3. Nf3 d6 4. h3 Nd7 5. Bc4 e6 6. 0-0 a6 7. c3 b5 8. Bd3 Bb7 9. Qe2 Ngf6 10. Bg5 h6 11. Bh4 g5 12. Bg3 Nh5 13. Nbd2 Qe7 14. Bh2 Nf4 15. Bxf4 gxf4 16. a4 c6 17. Rfe1 e5 18. d5 bxa4 19. dxc6 Bxc6 20. Bxa6 0-0 21. b4 axb3 22. Nxb3 Nf6 23. Bd3 Rfb8 24. Na5 Bd7 25. Ra2 Be6 26. Nc6 Qc7 27. Rxa8 Rxa8 28. Bb5 Kh8 29. c4 Bd7 30. Nb4 Bxb5 31. cxb5 Ra4 32. Na6 Qb6 33. Nd2 Ra2 34. Nb4 Rb2 35. Rb1 Rxb1+ 36. Nxb1 Qd4 37. Nc6 Qxe4 38. Qxe4 Nxe4 39. b6 Nc5 40. Nd8 Kg8 41. b7 Nd7 42. Nc6 Kf8 43. b8Q+ Nxb8 44. Nxb8 Ke8 45. Nc3 Kd8 46. Nd5 Kc8 47. Na6 Kd7 48. Nab4 Ke6 49. Kf1 Bf8 50. Ke2 Kf5 51. f3 Kg5 52. Nd3 h5 53. Nf2 f5 54. Nd3 Kg6 55. N3b4 Kf7 56. Kd3 Kg6 57. Nc6 Kg5 58. Nd8 Kh4 59. Ke2 Kg3 60. Ne6 Bh6 61. Ne7 Kxg2 62. Nxf5 Kxh3 63. Nxh6 d5 64. Nxf4+ exf4 65. Nf5 Kg2 66. Nh4+ Kh3 67. Nf5 Kg2 68. Nh4+ 1/2-1/2

[Event "Niedersachsen-ch Seniors op 09th"]
[Site "Bad Bevensen"]
[Date "2006.06.28"]
[Round "5"]
[White "Klein, Leo"]
[Black "Burreh, Heinz"]
[Result "1-0"]
[WhiteElo "1895"]
[BlackElo "1759"]
[PlyCount "43"]
[EventDate "2006.06.24"]
[EventType "swiss"]
[EventRounds "9"]
[EventCountry "GER"]
[SourceTitle "EXT 2022"]
[Source "ChessBase"]
[SourceDate "2021.10.06"]
[SourceVersion "1"]
[SourceVersionDate "2021.10.06"]
[SourceQuality "1"]

1. d4 Nf6 2. Nf3 g6 3. c3 Bg7 4. Bf4 0-0 5. Nbd2 Nh5 6. Bg5 f6 7. Bh4 d5 8. e3 Qd6 9. Qb3 g5 10. Bg3 Nxg3 11. hxg3 b6 12. Bd3 h6 13. e4 Ba6 14. c4 c6 15. 0-0 e6 16. Rac1 dxe4 17. Nxe4 Qd7 18. Rfd1 f5 19. Nc3 Qf7 20. Rd2 Nd7 21. Re1 g4 22. Nh4 1-0

[Event "Niedersachsen-ch Seniors op 09th"]
[Site "Bad Bevensen"]
[Date "2006.06.27"]
[Round "4"]
[White "Burreh, Heinz"]
[Black "Duemmke, Juergen"]
[Result "1/2-1/2"]
[WhiteElo "1759"]
[BlackElo "1971"]
[PlyCount "89"]
[EventDate "2006.06.24"]
[EventType "swiss"]
[EventRounds "9"]
[EventCountry "GER"]
[SourceTitle "EXT 2022"]
[Source "ChessBase"]
[SourceDate "2021.10.06"]
[SourceVersion "1"]
[SourceVersionDate "2021.10.06"]
[SourceQuality "1"]

1. Nf3 Nf6 2. c4 g6 3. d4 Bg7 4. Nc3 d5 5. cxd5 Nxd5 6. e4 Nxc3 7. bxc3 c5 8. Bb5+ Bd7 9. Bxd7+ Qxd7 10. Be3 Nc6 11. Qa4 0-0 12. 0-0 cxd4 13. cxd4 Rfd8 14. Rad1 e6 15. d5 exd5 16. Rxd5 Qe8 17. Rfd1 Rac8 18. g3 h6 19. Kg2 Kh7 20. Rxd8 Rxd8 21. Rxd8 Qxd8 22. Qb3 Qe7 23. Qd5 Qe6 24. Qxe6 fxe6 25. Nd2 Bd4 26. Bxd4 Nxd4 27. f4 Kg7 28. Kf2 Kf7 29. Nc4 b5 30. Ke3 Nc2+ 31. Kd2 Nd4 32. Kd3 Nf3 33. Nd6+ Ke7 34. Nc8+ Kd7 35. Nxa7 Nxh2 36. Nxb5 Nf1 37. g4 Nh2 38. e5 Nxg4 39. a4 g5 40. Ke4 gxf4 41. Kxf4 Nf2 42. Nd4 Nd3+ 43. Kg4 Nxe5+ 44. Kh5 Nc6 45. Nxe6 1/2-1/2

[Event "Niedersachsen-ch Seniors op 09th"]
[Site "Bad Bevensen"]
[Date "2006.06.24"]
[Round "1"]
[White "Milnikel, Eugen"]
[Black "Burreh, Heinz"]
[Result "0-1"]
[WhiteElo "1406"]
[BlackElo "1759"]
[PlyCount "56"]
[EventDate "2006.06.24"]
[EventType "swiss"]
[EventRounds "9"]
[EventCountry "GER"]
[SourceTitle "EXT 2022"]
[Source "ChessBase"]
[SourceDate "2021.10.06"]
[SourceVersion "1"]
[SourceVersionDate "2021.10.06"]
[SourceQuality "1"]

1. d4 Nf6 2. c4 d5 3. Nc3 c6 4. cxd5 Nxd5 5. Nf3 Bf5 6. Nd2 Bg6 7. e4 Nb6 8. Nf3 N8d7 9. Bd3 e6 10. 0-0 Be7 11. Bf4 0-0 12. Rc1 c5 13. Bb5 cxd4 14. Bxd7 dxc3 15. Rxc3 Qxd7 16. Qxd7 Nxd7 17. Rc7 Bxe4 18. Rxd7 Bf6 19. Nd2 Bc6 20. Rd3 Bb5 21. Rb3 Bxf1 22. Kxf1 b6 23. Ne4 Be7 24. Rg3 Rfd8 25. Be5 g6 26. Ng5 Bd6 27. Bxd6 Rxd6 28. Nf3 f5 0-1

[Event "Hessen-ch Seniors op 01st"]
[Site "Bad Sooden-Allendorf"]
[Date "2005.04.23"]
[Round "2"]
[White "Burreh, Heinz"]
[Black "Doehner, Hans Juergen"]
[Result "1-0"]
[WhiteElo "1790"]
[BlackElo "1907"]
[PlyCount "91"]
[EventDate "2005.04.22"]
[EventType "swiss"]
[EventRounds "9"]
[EventCountry "GER"]
[SourceTitle "EXT 2007"]
[Source "ChessBase"]
[SourceDate "2006.11.23"]
[SourceVersion "1"]
[SourceVersionDate "2006.11.23"]
[SourceQuality "1"]

1. e4 e5 2. Nf3 Nc6 3. d4 exd4 4. Nxd4 Bc5 5. Be3 Qf6 6. c3 d6 7. Be2 Nge7 8. 0-0 a6 9. Nxc6 Nxc6 10. Bxc5 dxc5 11. Qd5 Qe7 12. Na3 Be6 13. Qd2 0-0 14. Qc2 b5 15. b3 Rab8 16. Rad1 Rfe8 17. f4 f6 18. Bf3 c4 19. Nb1 cxb3 20. axb3 Qc5+ 21. Rf2 Rbd8 22. b4 Qb6 23. e5 Rxd1+ 24. Qxd1 fxe5 25. Bxc6 Qxc6 26. fxe5 Qb6 27. Qd4 Qb8 28. Rd2 c6 29. Re2 Rd8 30. Qe3 Bc4 31. Re1 Re8 32. Nd2 Bd5 33. Nf3 Qc7 34. Nd4 g6 35. h4 Re7 36. Qg5 c5 37. Nf5 Re6 38. Nh6+ Kg7 39. Ng4 Qe7 40. Qh6+ Kg8 41. Rf1 cxb4 42. Nf6+ Rxf6 43. exf6 Qa7+ 44. Kh1 Qb7 45. Re1 Bxg2+ 46. Kg1 1-0

[Event "Bad Sooden-Allendorf Seniors op 16th"]
[Site "Bad Sooden-Allendorf"]
[Date "2004.04.28"]
[Round "7"]
[White "Junker, Wilfried"]
[Black "Burreh, Heinz"]
[Result "0-1"]
[WhiteElo "1712"]
[BlackElo "1985"]
[PlyCount "90"]
[EventDate "2004.04.22"]
[EventType "swiss"]
[EventRounds "9"]
[EventCountry "GER"]
[SourceTitle "EXT 2006"]
[Source "ChessBase"]
[SourceDate "2005.11.24"]
[SourceVersion "1"]
[SourceVersionDate "2005.11.24"]
[SourceQuality "1"]

1. e4 e5 2. d4 exd4 3. Nf3 Nc6 4. Nxd4 Bc5 5. Nxc6 Qf6 6. f4 Qxc6 7. Nc3 Ne7 8. Qf3 0-0 9. Be3 Bxe3 10. Qxe3 d5 11. 0-0-0 dxe4 12. Qxe4 Qxe4 13. Nxe4 Bf5 14. Bd3 Rad8 15. h3 b6 16. g4 Be6 17. Ng5 h6 18. Nxe6 fxe6 19. Rhe1 Nd5 20. f5 exf5 21. Bxf5 Nf4 22. Re7 Rxd1+ 23. Kxd1 Nxh3 24. Rxc7 Nf4 25. Rxa7 h5 26. Ra4 g5 27. Re4 h4 28. Ke1 Kg7 29. Re7+ Kf6 30. Rb7 Re8+ 31. Kf1 Nd5 32. Kf2 Ke5 33. c4 Ne7 34. Rxb6 Nxf5 35. Rb5+ Kf4 36. Rxf5+ Kxg4 37. Rf7 Rd8 38. Ke2 h3 39. c5 h2 40. Rf1 Kg3 41. Rf3+ Kh4 42. Rf1 g4 43. b4 g3 44. Rh1 Kh3 45. Rc1 Re8+ 0-1

[Event "Bad Sooden-Allendorf Seniors op 16th"]
[Site "Bad Sooden-Allendorf"]
[Date "2004.04.27"]
[Round "6"]
[White "Burreh, Heinz"]
[Black "Delander, Adolf"]
[Result "1/2-1/2"]
[WhiteElo "1985"]
[BlackElo "2157"]
[PlyCount "29"]
[EventDate "2004.04.22"]
[EventType "swiss"]
[EventRounds "9"]
[EventCountry "GER"]
[SourceTitle "EXT 2006"]
[Source "ChessBase"]
[SourceDate "2005.11.24"]
[SourceVersion "1"]
[SourceVersionDate "2005.11.24"]
[SourceQuality "1"]

1. e4 c6 2. d4 d5 3. exd5 cxd5 4. c4 Nf6 5. Nc3 g6 6. Be3 Bg7 7. Nf3 0-0 8. c5 Nc6 9. Bb5 Bg4 10. h3 Bxf3 11. Qxf3 Qd7 12. 0-0 Rfd8 13. Rad1 Qf5 14. Qxf5 gxf5 15. a3 1/2-1/2

[Event "Bad Sooden-Allendorf Seniors op 16th"]
[Site "Bad Sooden-Allendorf"]
[Date "2004.04.26"]
[Round "5"]
[White "Burreh, Heinz"]
[Black "Kollberg, Lothar"]
[Result "1/2-1/2"]
[WhiteElo "1985"]
[BlackElo "2157"]
[PlyCount "121"]
[EventDate "2004.04.22"]
[EventType "swiss"]
[EventRounds "9"]
[EventCountry "GER"]
[SourceTitle "EXT 2006"]
[Source "ChessBase"]
[SourceDate "2005.11.24"]
[SourceVersion "1"]
[SourceVersionDate "2005.11.24"]
[SourceQuality "1"]

1. e4 g6 2. d4 Bg7 3. c3 d6 4. Bc4 Nf6 5. Qe2 0-0 6. Nf3 c6 7. 0-0 d5 8. exd5 cxd5 9. Bd3 Bg4 10. Re1 e6 11. Bg5 h6 12. Bf4 Nc6 13. Qe3 Bxf3 14. Qxf3 Rc8 15. Nd2 Nh5 16. Be3 Qf6 17. g4 Qxf3 18. Nxf3 Nf6 19. h3 Na5 20. Ne5 Nc4 21. Bxc4 dxc4 22. Kg2 Nd5 23. Nd7 Rfd8 24. Nc5 b6 25. Na6 f6 26. Rad1 Kf7 27. Bc1 Bf8 28. f4 f5 29. Kf3 Rc6 30. a3 b5 31. Nb4 Bxb4 32. axb4 a5 33. bxa5 Ra8 34. gxf5 gxf5 35. Rg1 Rcc8 36. Rg2 Rg8 37. Rxg8 Kxg8 38. Bd2 Rxa5 39. Rb1 Ra2 40. Be1 Kf7 41. b3 Ra3 42. bxc4 Nxc3 43. Bxc3 Rxc3+ 44. Kg2 bxc4 45. Rb7+ Kg6 46. Rc7 Rc2+ 47. Kg3 c3 48. Rc6 Kf7 49. Kh4 Rc1 50. Kh5 c2 51. Kxh6 Rh1 52. Rxc2 Rxh3+ 53. Kg5 Rg3+ 54. Kh5 Rg4 55. Rc7+ Ke8 56. d5 exd5 57. Rc5 Rxf4 58. Rxd5 Rf1 59. Kg5 f4 60. Kg4 Ke7 61. Rf5 1/2-1/2

[Event "Wuerttemberg-ch Seniors 15th"]
[Site "Ellwangen"]
[Date "2003.04.19"]
[Round "9"]
[White "Bernhoeft, Erhard"]
[Black "Burreh, Heinz"]
[Result "1-0"]
[WhiteElo "1943"]
[BlackElo "1783"]
[PlyCount "67"]
[EventDate "2003.04.??"]
[EventType "swiss"]
[EventRounds "9"]
[EventCountry "GER"]
[SourceTitle "EXT 2006"]
[Source "ChessBase"]
[SourceDate "2005.11.24"]
[SourceVersion "1"]
[SourceVersionDate "2005.11.24"]
[SourceQuality "1"]

1. Nf3 Nf6 2. g3 g6 3. b3 Bg7 4. Bb2 0-0 5. Bg2 c6 6. 0-0 d5 7. d3 Re8 8. Nbd2 Nbd7 9. c4 e5 10. cxd5 cxd5 11. e3 a5 12. Qc2 Ra6 13. Rac1 Rc6 14. Qb1 Qb6 15. Rxc6 bxc6 16. Rc1 Bb7 17. Qa1 Qb5 18. Bf1 Qb6 19. Nxe5 Nxe5 20. Bxe5 c5 21. d4 Qe6 22. Bxf6 Bxf6 23. Rxc5 Be7 24. Rc2 Bb4 25. Qd1 h5 26. Nf3 f6 27. Qd3 Kg7 28. Nh4 f5 29. Nf3 Kh6 30. h4 Rc8 31. Ng5 Qe8 32. Bg2 Bc6 33. Qa6 Bb7 34. Qxb7 1-0

[Event "Wuerttemberg-ch Seniors 15th"]
[Site "Ellwangen"]
[Date "2003.04.17"]
[Round "7"]
[White "Goertz, Hans Georg"]
[Black "Burreh, Heinz"]
[Result "0-1"]
[WhiteElo "1895"]
[BlackElo "1783"]
[PlyCount "98"]
[EventDate "2003.04.??"]
[EventType "swiss"]
[EventRounds "9"]
[EventCountry "GER"]
[SourceTitle "EXT 2006"]
[Source "ChessBase"]
[SourceDate "2005.11.24"]
[SourceVersion "1"]
[SourceVersionDate "2005.11.24"]
[SourceQuality "1"]

1. d4 d5 2. Nf3 Nf6 3. e3 e6 4. Be2 c5 5. b3 cxd4 6. exd4 Bd6 7. 0-0 0-0 8. Nbd2 Nbd7 9. c4 b6 10. cxd5 Nxd5 11. Ne4 Be7 12. Bd3 Bb7 13. Bb2 Rc8 14. a3 Rc7 15. Qd2 Qa8 16. Rfe1 Rfc8 17. Neg5 N5f6 18. Qe2 Bd5 19. Bc4 h6 20. Nh3 Bxc4 21. bxc4 Rxc4 22. Rac1 Rxc1 23. Bxc1 Nd5 24. Nd2 Rc2 25. Qb5 Qc8 26. Nf1 a6 27. Qb1 b5 28. Ne3 Nxe3 29. fxe3 Qc3 30. Rf1 Nb6 31. Nf2 Nc4 32. Nd1 Qd3 33. Nf2 Qg6 34. a4 b4 35. e4 Rc3 36. Nd1 Rh3 37. Nf2 Rh5 38. Qd3 Na3 39. Qxa6 Bh4 40. Qa8+ Kh7 41. Nh3 e5 42. Qb7 Nc2 43. a5 Nxd4 44. a6 Be7 45. Qxe7 Rxh3 46. Kh1 Rc3 47. Qxe5 Rc2 48. g3 Qxa6 49. Qf4 Qe2 0-1

[Event "Wuerttemberg-ch Seniors 15th"]
[Site "Ellwangen"]
[Date "2003.04.15"]
[Round "5"]
[White "Galicki, Ryszard"]
[Black "Burreh, Heinz"]
[Result "1-0"]
[WhiteElo "1958"]
[BlackElo "1783"]
[PlyCount "101"]
[EventDate "2003.04.??"]
[EventType "swiss"]
[EventRounds "9"]
[EventCountry "GER"]
[SourceTitle "EXT 2006"]
[Source "ChessBase"]
[SourceDate "2005.11.24"]
[SourceVersion "1"]
[SourceVersionDate "2005.11.24"]
[SourceQuality "1"]

1. e4 e5 2. Nf3 Nc6 3. Bb5 a6 4. Bxc6 dxc6 5. 0-0 Bd6 6. d4 Bg4 7. dxe5 Bxf3 8. gxf3 Bxe5 9. f4 Bd4 10. Nd2 Qf6 11. Qg4 Nh6 12. Qg3 0-0-0 13. Nf3 Qg6 14. c3 Qxg3+ 15. hxg3 Bb6 16. f5 Ng4 17. Bf4 f6 18. Nh2 Nxh2 19. Kxh2 Rd3 20. Rae1 g6 21. Bh6 Rg8 22. Kg2 Bc5 23. e5 fxe5 24. f6 Bf8 25. f7 Rh8 26. Bg5 Bg7 27. f4 Kd7 28. fxe5 Ke6 29. Bf6 Rd2+ 30. Kh3 Bxf6 31. exf6+ Kxf7 32. Re7+ Kf8 33. Rxc7 Rg8 34. Rxb7 h5 35. Re1 g5 36. g4 hxg4+ 37. Kg3 Rg6 38. f7 Rd8 39. Rf1 Rgd6 40. Kxg4 Rd5 41. a4 Ra5 42. b3 Re5 43. Rf6 c5 44. Rg6 Re4+ 45. Kh5 Re7 46. Rxe7 Kxe7 47. Rg8 Rf8 48. Rxf8 Kxf8 49. Kxg5 Kxf7 50. Kf5 a5 51. c4 1-0

[Event "Wuerttemberg-ch Seniors 15th"]
[Site "Ellwangen"]
[Date "2003.04.14"]
[Round "4"]
[White "Burreh, Heinz"]
[Black "Bode, Heinz"]
[Result "1-0"]
[WhiteElo "1783"]
[BlackElo "1663"]
[PlyCount "59"]
[EventDate "2003.04.??"]
[EventType "swiss"]
[EventRounds "9"]
[EventCountry "GER"]
[SourceTitle "EXT 2006"]
[Source "ChessBase"]
[SourceDate "2005.11.24"]
[SourceVersion "1"]
[SourceVersionDate "2005.11.24"]
[SourceQuality "1"]

1. e4 c6 2. d4 d5 3. exd5 cxd5 4. c4 e6 5. Nc3 Nf6 6. Nf3 Bd6 7. c5 Be7 8. Ne5 0-0 9. Bd3 Nc6 10. Nxc6 bxc6 11. Bf4 Qa5 12. a3 Qd8 13. b4 a5 14. 0-0 Ba6 15. Qe2 Bxd3 16. Qxd3 Nh5 17. Be3 f5 18. Qe2 Nf6 19. f3 Qb8 20. Rfb1 f4 21. Bd2 Kf7 22. bxa5 Qc7 23. Na4 g5 24. Re1 e5 25. dxe5 Rfe8 26. Qd3 Bxc5+ 27. Nxc5 Rxe5 28. Rxe5 Qxe5 29. Re1 Qd6 30. Bb4 1-0

[Event "Wuerttemberg-ch Seniors 15th"]
[Site "Ellwangen"]
[Date "2003.04.13"]
[Round "3"]
[White "Tscherven, Walter"]
[Black "Burreh, Heinz"]
[Result "0-1"]
[WhiteElo "1677"]
[BlackElo "1783"]
[PlyCount "58"]
[EventDate "2003.04.??"]
[EventType "swiss"]
[EventRounds "9"]
[EventCountry "GER"]
[SourceTitle "EXT 2006"]
[Source "ChessBase"]
[SourceDate "2005.11.24"]
[SourceVersion "1"]
[SourceVersionDate "2005.11.24"]
[SourceQuality "1"]

1. c4 e5 2. Nc3 Nf6 3. Qc2 b6 4. e3 c5 5. Be2 Bb7 6. Bf3 Bxf3 7. Nxf3 Nc6 8. a3 Be7 9. Ng5 h6 10. Nge4 Nxe4 11. Qxe4 0-0 12. 0-0 f5 13. Qd3 e4 14. Qe2 Bf6 15. Nd5 Be5 16. f4 exf3 17. Qxf3 Ne7 18. Rb1 d6 19. Nxe7+ Qxe7 20. Rd1 Qh4 21. g3 Qxc4 22. d3 Qc2 23. Ra1 Qb3 24. Rd2 d5 25. Kg2 Rad8 26. Qe2 d4 27. a4 Qd5+ 28. Kg1 dxe3 29. Qxe3 Bd4 0-1

[Event "Wch Seniors 13th"]
[Site "Bad Zwischenahn"]
[Date "2003.??.??"]
[Round "?"]
[White "Johannsen, Ingbert"]
[Black "Burreh, Heinz"]
[Result "1-0"]
[WhiteElo "1955"]
[BlackElo "1775"]
[PlyCount "77"]
[EventDate "2003.11.16"]
[EventType "swiss"]
[EventRounds "11"]
[EventCountry "GER"]
[SourceTitle "CBM 097 Extra"]
[Source "ChessBase"]
[SourceDate "2004.01.13"]
[SourceVersion "1"]
[SourceVersionDate "2004.01.13"]
[SourceQuality "1"]

1. e4 e5 2. Nf3 Nc6 3. Bb5 Nf6 4. 0-0 d6 5. Re1 Bd7 6. c3 a6 7. Ba4 b5 8. Bc2 Be7 9. h3 0-0 10. d4 h6 11. Nbd2 Nh7 12. Nf1 Bf6 13. Ne3 Ne7 14. Qd3 Ng6 15. Nd5 c6 16. Nxf6+ Nxf6 17. Kh2 Qc7 18. g3 Qc8 19. Ng1 Qc7 20. Be3 Rae8 21. f4 exf4 22. Bxf4 Nxf4 23. gxf4 d5 24. e5 Ne4 25. Nf3 Bxh3 26. Nh4 Bg4 27. Rg1 h5 28. Qe3 Qe7 29. Ng2 Bf5 30. Bxe4 Bxe4 31. Qg3 f6 32. Rae1 Kh7 33. Nh4 g5 34. f5 gxh4 35. Qg6+ Kh8 36. exf6 Qc7+ 37. Kh3 Rg8 38. Rxe4 dxe4 39. f7 1-0

[Event "Wch Seniors 13th"]
[Site "Bad Zwischenahn"]
[Date "2003.??.??"]
[Round "?"]
[White "Oelert, Ralf"]
[Black "Burreh, Heinz"]
[Result "1-0"]
[WhiteElo "1940"]
[BlackElo "1775"]
[PlyCount "79"]
[EventDate "2003.11.16"]
[EventType "swiss"]
[EventRounds "11"]
[EventCountry "GER"]
[SourceTitle "CBM 097 Extra"]
[Source "ChessBase"]
[SourceDate "2004.01.13"]
[SourceVersion "1"]
[SourceVersionDate "2004.01.13"]
[SourceQuality "1"]

1. d4 d5 2. e3 Nf6 3. Bd3 e6 4. f4 c5 5. c3 cxd4 6. exd4 Bd6 7. Nf3 0-0 8. 0-0 Nc6 9. Ne5 Qb6 10. Kh1 a6 11. Qe1 Ne7 12. Rf3 Ng6 13. Nd2 Qc7 14. Qg3 Ne8 15. Nf1 Bxe5 16. fxe5 f5 17. Qf2 Qd8 18. Rh3 Nc7 19. Qf3 Rf7 20. Qh5 Nf8 21. Bg5 Qe8 22. g4 Bd7 23. Ne3 g6 24. Qh4 Bb5 25. Bc2 Qd7 26. Ng2 fxg4 27. Qxg4 Bf1 28. Bf6 Bxg2+ 29. Qxg2 Rxf6 30. exf6 Qf7 31. Rf3 Nd7 32. h4 e5 33. h5 e4 34. hxg6 hxg6 35. Rg3 Nf8 36. Rf1 Re8 37. c4 dxc4 38. Bxe4 b5 39. Rxg6+ Nxg6 40. Bxg6 1-0

[Event "Wch Seniors 12th"]
[Site "Naumburg"]
[Date "2002.10.21"]
[Round "1"]
[White "Zhelesny, Stanislav"]
[Black "Burreh, Heinz"]
[Result "1-0"]
[WhiteElo "2229"]
[BlackElo "1826"]
[PlyCount "141"]
[EventDate "2002.10.21"]
[EventType "swiss"]
[EventRounds "11"]
[EventCountry "GER"]
[SourceTitle "EXT 2006"]
[Source "ChessBase"]
[SourceDate "2005.11.24"]
[SourceVersion "1"]
[SourceVersionDate "2005.11.24"]
[SourceQuality "1"]

1. d4 d5 2. Nf3 Nf6 3. g3 c6 4. Bg2 Bf5 5. 0-0 h6 6. Nbd2 e6 7. c4 Be7 8. b3 0-0 9. Bb2 Ne4 10. Ne5 Nxd2 11. Qxd2 Nd7 12. Rad1 Nxe5 13. dxe5 Qb6 14. cxd5 cxd5 15. Bd4 Bc5 16. Bxc5 Qxc5 17. Rc1 Qb6 18. Qf4 Bg6 19. e4 dxe4 20. Bxe4 Bxe4 21. Qxe4 Rac8 22. Rfd1 Rxc1 23. Rxc1 Rd8 24. Kg2 a6 25. Rc4 a5 26. b4 axb4 27. Rxb4 Qc6 28. Qxc6 bxc6 29. Rc4 Rd5 30. Rxc6 Rxe5 31. a4 Re2 32. a5 Ra2 33. a6 g5 34. h3 Kg7 35. g4 Kf6 36. Kg3 Ra3+ 37. f3 Ra1 38. h4 Rg1+ 39. Kf2 Ra1 40. h5 Ra2+ 41. Kg3 Ra3 42. Rd6 Ra1 43. Rc6 Ra3 44. Kf2 Ra2+ 45. Ke3 Ra3+ 46. Kd4 Rxf3 47. Rc3 Rf4+ 48. Kc5 Ra4 49. Kb5 Ra1 50. Rc4 Ke5 51. Ra4 Rb1+ 52. Kc6 Rb8 53. a7 Ra8 54. Kb7 Re8 55. a8Q Rxa8 56. Rxa8 f5 57. Ra5+ Kf4 58. gxf5 exf5 59. Ra6 g4 60. Rxh6 Kg5 61. Rh8 f4 62. h6 f3 63. h7 f2 64. Rf8 g3 65. h8Q Kg4 66. Qg7+ Kh3 67. Rf3 f1Q 68. Rxf1 Kg2 69. Qf7 Kh2 70. Qh5+ Kg2 71. Qh1# 1-0

[Event "GER North-ch Seniors 5th"]
[Site "Bad Bevensen"]
[Date "2002.06.27"]
[Round "6"]
[White "Burreh, Heinz"]
[Black "Habermann, Arno"]
[Result "1-0"]
[WhiteElo "1805"]
[BlackElo "2012"]
[PlyCount "83"]
[EventDate "2002.06.??"]
[EventType "swiss"]
[EventRounds "9"]
[EventCountry "GER"]
[SourceTitle "EXT 2006"]
[Source "ChessBase"]
[SourceDate "2005.11.24"]
[SourceVersion "1"]
[SourceVersionDate "2005.11.24"]
[SourceQuality "1"]

1. e4 c6 2. d4 d5 3. exd5 cxd5 4. Nf3 Nf6 5. Bd3 e6 6. 0-0 Bd6 7. c3 0-0 8. Bg5 h6 9. Bh4 Nbd7 10. Nbd2 Rb8 11. Re1 Qc7 12. Bg3 Bxg3 13. hxg3 b5 14. Rc1 a5 15. Qe2 Qb6 16. b3 Re8 17. Ne5 Nxe5 18. Qxe5 Bd7 19. Qf4 Rec8 20. Nf3 Qc7 21. Ne5 Be8 22. g4 Nh7 23. Bxh7+ Kxh7 24. g5 hxg5 25. Qxg5 Kg8 26. Ng4 Qd8 27. Qf4 Rb6 28. Re3 Rbc6 29. Rg3 f5 30. Ne5 R6c7 31. Rh3 g5 32. Qh2 Qf6 33. Rh6 Qg7 34. Rxe6 Bf7 35. Nxf7 Kxf7 36. Rce1 Rd7 37. Rh6 Kg8 38. Qh5 Re7 39. Rxe7 Qxe7 40. Rg6+ Kf7 41. Qh7+ Ke8 42. Rg8+ 1-0